000 00541cam a22001814a 4500
005 20250605164245.0
008 250528s ||||||||||||||||||||||||d
035 _a21449
040 _aGR-AtMCL
_bgre
_dGR-AtMCL
_eAACR2
245 1 _aΠΡΑΚΤΙΚΟΣ ΟΔΗΓΟΣ ΣΤΟΝ ΛΑΒΥΡΙΝΘΟ ΤΩΝ ΕΥΡΩΠΑΙΚΩΝ ΚΟΙΝΟΤΗΤΩΝ
250 _a1
300 _a116
700 1 _aGueguen Daniel
_97485
942 _cBK
260 _bΕλληνικη Βιομηχανια Ζαχαρης
999 _c6511
_d6511